| 000 | 00703nam a2200229 a 4500 | ||
|---|---|---|---|
| 001 | 000019438 | ||
| 005 | 20200929170022.0 | ||
| 008 | 100629s2005 sp ac 000 0 spa d | ||
| 020 | _a848403853X | ||
| 040 |
_aDO-SdBNP _bspa _cBNPHU |
||
| 082 |
_a927.5945 _bC961L |
||
| 100 | 1 |
_aCuadrado, Sara _941728 |
|
| 245 | 1 | 0 |
_aLeonardo da Vinci / _cSara Cuadrado. |
| 260 |
_aMadrid : _bEdimat Libros, _c2005. |
||
| 300 |
_a192 p. : _bil. ; retrs. ; _c21 cm. |
||
| 490 | 1 | _aGrandes Biografías | |
| 504 | _aIncluye bibliografías [p. 187-188] | ||
| 600 | 1 | 4 |
_aDA VINCI, LEONARDO, _d1452-1519 _941729 |
| 650 | 4 |
_aPintores italianos _xBiografías _941730 |
|
| 830 | 0 |
_aGrandes Biografías _911230 |
|
| 049 | _aBNPD | ||
| 999 |
_c18954 _d18954 |
||